Immunology / (Record no. 33665)
[ view plain ]
| 000 -LEADER | |
|---|---|
| fixed length control field | 00758cam a2200265Ia 4500 |
| 001 - CONTROL NUMBER | |
| control field | u7842 |
| 003 - CONTROL NUMBER IDENTIFIER | |
| control field | SIRSI |
| 005 - DATE AND TIME OF LATEST TRANSACTION | |
| control field | 20180220094317.0 |
| 008 - FIXED-LENGTH DATA ELEMENTS--GENERAL INFORMATION | |
| fixed length control field | 960818s1997 nyua b 001 0 eng d |
| 020 ## - INTERNATIONAL STANDARD BOOK NUMBER | |
| International Standard Book Number | 0716728680 |
| 039 #9 - LEVEL OF BIBLIOGRAPHIC CONTROL AND CODING DETAIL [OBSOLETE] | |
| -- | 200203190947 |
| -- | load |
| 040 ## - CATALOGING SOURCE | |
| Original cataloging agency | EAL. |
| 050 ## - LIBRARY OF CONGRESS CALL NUMBER | |
| Classification number | QR181 |
| Item number | K83 1997 |
| 100 1# - MAIN ENTRY--PERSONAL NAME | |
| Personal name | Kuby, Janis. |
| 245 10 - TITLE STATEMENT | |
| Title | Immunology / |
| Statement of responsibility, etc. | Janis Kuby. |
| 250 ## - EDITION STATEMENT | |
| Edition statement | 3rd ed. |
| 260 0# - PUBLICATION, DISTRIBUTION, ETC. | |
| Place of publication, distribution, etc. | New York : |
| Name of publisher, distributor, etc. | W. H. Freeman and Company, |
| Date of publication, distribution, etc. | c1997. |
| 300 ## - PHYSICAL DESCRIPTION | |
| Extent | xxiv, 664 p. : |
| Other physical details | ill. (some col.) ; |
| Dimensions | 30 cm. |
| 504 ## - BIBLIOGRAPHY, ETC. NOTE | |
| Bibliography, etc. note | Includes bibliographical refereneces and index. |
| 596 ## - | |
| -- | 1 |
| 650 #0 - SUBJECT ADDED ENTRY--TOPICAL TERM | |
| Topical term or geographic name entry element | Immunology. |
| 910 ## - USER-OPTION DATA (OCLC) | |
| User-option data | gaa |
| 942 ## - ADDED ENTRY ELEMENTS (KOHA) | |
| Koha item type | Books |
| Source of classification or shelving scheme | Library of Congress Classification |
| Withdrawn status | Lost status | Source of classification or shelving scheme | Damaged status | Not for loan | Home library | Current library | Date acquired | Total Checkouts | Full call number | Barcode | Date last seen | Copy number | Price effective from | Koha item type |
|---|---|---|---|---|---|---|---|---|---|---|---|---|---|---|
| Library of Congress Classification | Main | Main | 02/20/2018 | QR181 K83 1997 | 0006713 | 02/20/2018 | 1 | 02/20/2018 | Books | |||||
| Library of Congress Classification | Main | Main | 02/20/2018 | QR181 K83 1997 | 0006725 | 02/20/2018 | 2 | 02/20/2018 | Books |